MDQL
is popping MORE tags! Check the
thread
!
Quizzes
Events
Quiz Creation
Community
Videos
Private Events
Remove Ads
Sign In
Join for FREE
Feedback
Dark Mode
Quiz Categories
Sports
Geography
Music
Movies
Television
Just For Fun
Miscellaneous
History
Literature
Language
Science
Gaming
Entertainment
Religion
Holiday
For Kids
Quiz Lab
Recent
Popular Today
Quiz Kudos Today
Editor Picks
Curator Picks
Quizzes by...
Day
Popularity
Type
Ratings
Length
Year
Community
Subscriptions
Recent Discussions
Orange Saloon
Badges
Playlists
Quests
Create
Leaderboards
Showdown
Live 5
Trivia Bingo
Activity
Puzzle Library
Sporcle Events
Private Events
Virtual Trivia
Globe League
Become a Host
Pub Owners
SporcleCon
Opinionation
Our Games
Videos
Blog
Mobile Apps
Partnerships
Remove Ads and Go Orange
Feedback
Miscellaneous
Crossword
General Knowledge
Baby Names
Logo
Food
Cars
Numbers
Grab Bag
University
College
Popular
Company
Slogans
Restaurants
Justice
Letter
Miscellaneous
Crossword
General Knowledge
Baby Names
Logo
Food
Cars
Numbers
Grab Bag
University
College
Popular
Company
Slogans
Restaurants
Justice
Letter
Random Quiz
Search Sporcle
×
Quiz Lab
Quiz Lab
Miscellaneous
Popular
Type in answers that appear in a list
Type in answers that appear in a list
Classic
Best Score? Go Orange.
Boys Names that End in R (2010) Stats
Can you name the most popular US Boys Names that End in R in 2010?
By
YellowStapler
10m
74 Questions
476 Plays
476 Plays
476 Plays
Comments
Comments
Give Quiz Kudos
Give Quiz Kudos
-
- Ratings
hide this ad
Replay
Link that replays current quiz
Next Quiz
Link to next quiz in quiz playlist
You Got
0%
They Got
Avg Score
45%
Avg Friend Score
Upgrade to see
Score Distribution
Jump to the score distribution portion of the page
Score
0/74
Timer
10:00
0
Plays Today
Rank
Name
% Correct
34
Tyler
83.8%
48
Carter
80.6%
6
Alexander
79.8%
328
Taylor
78.7%
13
Christopher
76.4%
192
Peter
76.4%
88
Oliver
74.9%
128
Victor
73.3%
49
Connor
72.8%
86
Parker
72%
59
Hunter
71.8%
157
Conner
66.7%
176
Tanner
66.7%
71
Xavier
66.5%
76
Cooper
64.4%
511
Roger
64%
372
Walter
60.4%
135
Ryder
60.2%
389
Arthur
58.9%
139
Asher
58.7%
147
Oscar
58.7%
254
Xander
58.5%
167
Trevor
58.1%
294
Zander
57.3%
529
Conor
56.6%
470
Kristopher
55.8%
190
Javier
54.3%
262
Skyler
53.7%
444
Karter
52.8%
528
Skylar
51.2%
269
Kyler
50.1%
595
Cristopher
48.8%
204
Tucker
46.7%
227
Spencer
46.7%
175
Omar
46.1%
173
Sawyer
45.7%
286
Jasper
43.4%
Rank
Name
% Correct
216
Edgar
42.5%
812
Konnor
41.5%
690
Harper
41.3%
550
Archer
41.1%
368
Gunner
39.8%
311
Ryker
38.9%
446
Porter
38.7%
823
Konner
38.7%
424
Walker
38.5%
226
Hector
38.1%
737
Zavier
37.5%
497
Chandler
37.3%
978
Cristofer
34.5%
546
Xzavier
33.7%
278
Amir
32.8%
454
Dexter
31.8%
552
Gunnar
31.2%
436
River
30.9%
675
Alexzander
27.6%
704
Lamar
26.9%
647
Iker
26.7%
872
Fletcher
26.3%
762
Jagger
25.1%
797
Jamar
25.1%
814
Samir
22.5%
767
Junior
22.3%
513
Nasir
20.8%
459
Salvador
20%
201
Cesar
19.4%
836
Fisher
19.4%
702
Jamir
19.2%
860
Jair
18.7%
974
Yair
18.7%
880
Major
16.8%
916
Bridger
10.9%
901
Ameer
9.9%
439
Yahir
9.5%
Quiz Playlist
Details
Report
Send in Message
Add To Playlist
Classic:
Type in answers that appear in a list
Quiz Source
Last Updated: Feb 16, 2017
Quiz Scoreboard
CHALLENGE
Sign Up to Join the Scoreboard
Show All
Scores
Hide
Comments
May contain spoilers
Recently Published
Image Sorting: Flags VI
by Barbecue
Geography
2m
Find the 'City' Movie
by crazypaving
Movies
60s
Colored Red Africa Blitz
by spor1
Geography
45s
More to Explore
Quiz From the Vault
Featured Blog Post
14 Easter Pick-up Lines to Find Eggs With
hide this ad
You Might Also Like...
Tags
Popular Quiz
2010
Boy
end
Today's Top Quizzes in Miscellaneous
Browse Miscellaneous
hide this ad
Today's Top Quizzes in Popular
Browse Popular
Top Contributed Quizzes in Miscellaneous
1
The JOE quick-fire general knowledge quiz: Day 174
2
5-to-1: Fast Food
3
9x9 Crossword: Disney Movie Titles
4
9x9 Crossword: Charlie and the Chocolate Factory
5
The JOE quick-fire general knowledge quiz: Day 173
6
9x9 Crossword: Actors
7
9x9 Crossword: 2022 Movies
8
9x9 Crossword: The Simpsons
9
9x9 Crossword: Flags
10
9x9 Crossword: Pixar Movie Titles
Explore More
Trending Topics
Kpop
Harry Potter
Disney
NBA
Anime
Crossword
Marvel
The Office
Puzzle
NFL
Pokémon
Country
Soccer
WWE
Song
hide this ad
More By:
YellowStapler
Quiz
Plays
Rating
Category
Featured
Created
Guess the StarKid Lyrics
8,462
4.76
Music
Jun 1, 2011
Guess the StarKid Lyrics 2
4,972
4.76
Music
Jun 11, 2011
Beauty and the Beast Prologue
3,739
4.70
Movies
Sep 19, 2010
Figure out the Disney Song Lyrics
3,668
4.00
Music
Oct 18, 2010
Guess the StarKid Lyrics 3
1,680
5.00
Music
Jun 11, 2011
Go to Creator's Profile
Score Distribution
Quiz Creator Spotlight
YellowStapler
Follow
Send a Message
Quizzes Created
-
Created Quiz Play Count
-
More By This Creator
Popular Quizzes Today
1
Colored Red Africa Blitz
2
Find the US States - No Outlines Minefield
3
Find the 'City' Movie
4
5x2 Blitz: Bands
5
The Countries of the World
6
Find the US States
7
Find the Countries of Europe - No Outlines Minefield
8
US States
More Miscellaneous Quizzes
The Dead Quiz
Published
Trending Quizzes
Colored Red Europe Blitz I
Colored Red Europe Blitz II
Colored Red Africa Blitz II
Colored Red Europe Blitz III
Colored Red Africa Blitz III
Recently Updated
How Do You Spell That?
pecheneg
Godzilla Movies
pecheneg
Grab Bag: 4-10 Letters
pecheneg
2024 March Madness Bracket
pecheneg
Famous TV Couples
Peacemaker
Champions League XIs: Real Madrid
pecheneg
Largest US Cities 1790-2010
pecheneg
Rides in Walt Disney World
pecheneg
Most Oscar Losses (Acting)
pecheneg
Beyoncé Albums
pecheneg
Trending Topics
Harry Potter
Anime
Crossword
NBA
Disney
Kpop
Marvel
Soccer
WWE
Song
Pokémon
Country
NFL
Puzzle
The Office
Your Account Isn't Verified!
In order to create a playlist on Sporcle, you need to verify the email address you used during registration. Go to your
Sporcle Settings
to finish the process.
Report this User
Report this user for behavior that violates our
Community Guidelines
.
Details:
Send Report
Go to the Sporcle.com Mobile Site →
Comments